| 000 | 00474nam a2200181Ia 4500 | ||
|---|---|---|---|
| 003 | GCL | ||
| 008 | 140319s9999 xx 000 0 eng d | ||
| 040 |
_aGCL / _cGCL |
||
| 082 | 0 | 4 |
_a327.41009 _bF B |
| 100 | 1 | _aFARMER, ALAN | |
| 245 | 1 | 0 |
_aBRITAN: FOREIGN AND IMPERIAL AFFAIRS 1939 - 1964 / _cFARMER, ALAN |
| 260 |
_a[S.N] : _bHODDER AND STOUGHTON ، _c1994 |
||
| 300 | _a160 P | ||
| 650 | 0 | 4 | _aFOREIGN |
| 650 | 0 | 4 | _aDEVELOPING |
| 650 | 0 | 4 | _aRELATIONS |
| 942 |
_2ddc _cBK |
||
| 999 |
_c10348 _d10348 |
||